Constituciones españolas
Publicado:
Madrid :
Congreso de los Diputados. Secretaría General. Gabinete de Publicaciones : Boletín Oficial del Estado ,
1986
Descripción Física:
VII, 437 p. ; 31 cm
Otros Autores:
Espanya. Cortes Generales. Congreso
Materias:
Constitucions -- Espanya
MARC
| LEADER | 00000nam a2200000Ia 4500 | ||
|---|---|---|---|
| 001 | 2309 | ||
| 008 | 160829s1986 xx 000 0 cat d | ||
| 080 | |a FOL-1-207 | ||
| 100 | |a Espanya |9 51008 | ||
| 245 | |a Constituciones españolas | ||
| 260 | |a Madrid : |b Congreso de los Diputados. Secretaría General. Gabinete de Publicaciones : |b Boletín Oficial del Estado, |c 1986 | ||
| 300 | |a VII, 437 p. ; |c 31 cm | ||
| 590 | |a Reproducció dels textos originals de les Constitucions de 1812, 1837, 1845, 1869, 1876, 1931 i 1978 que són a les Corts espanyoles | ||
| 650 | |a Constitucions |x Espanya |9 30690 | ||
| 700 | |a Espanya. Cortes Generales. Congreso |9 30691 | ||
| 901 | |a Arxiu | ||
| 942 | |n 1 | ||
| 952 | |0 0 |1 0 |4 0 |6 FOL1207 |7 1 |9 45488 |a Arxiu |b Arxiu |d 2016-12-01 |l 0 |o FOL-1-207 |p 2309 |r 2016-12-01 00:00:00 |w 2016-12-01 |y ARXIU | ||
| 999 | |c 48653 |d 48653 | ||